Railway stations in the Netherlands: 'S' Quiz Stats

Quiz not verified by Sporcle

Challenge
Share
Tweet
Embed
Score 0/25 Timer 06:00
0 Plays Today
Abbr. Railway station % Correct
SkSneek
94.4%
SkndSneek Noord
86.1%
StSoest
86.1%
SdmSchiedam Centrum
83.3%
StzSoest Zuid
83.3%
SgnSchagen
80.6%
ShlSchiphol Airport
77.8%
SshSassenheim
75%
SdtSliedrecht
75%
SwkSteenwijk
75%
SogSchin op Geul
72.2%
StvStavoren
72.2%
SptnSantpoort Noord
69.4%
Abbr. Railway station % Correct
SptzSantpoort Zuid
69.4%
SpmSappemeer Oost
69.4%
SwdSauwerd
69.4%
SnSchinnen
66.7%
StdSittard
66.7%
SdSoestdijk
66.7%
SdtbSliedrecht Baanhoek
63.9%
SmSwalmen
63.9%
SbkSpaubeek
58.3%
StmStedum
58.3%
SrnSusteren
58.3%
SdaScheemda
55.6%

You're not logged in!

Compare scores with friends on all Sporcle quizzes.
Sign Up with Email
OR
Log In

You Might Also Like...

Show Comments

Extras

Top Quizzes Today


Score Distribution

Your Account Isn't Verified!

In order to create a playlist on Sporcle, you need to verify the email address you used during registration. Go to your Sporcle Settings to finish the process.

Report this User

Report this user for behavior that violates our Community Guidelines.

Details: